| 000 | 00451nam a2200181Ia 4500 | ||
|---|---|---|---|
| 001 | 23762 | ||
| 008 | 140410s9999 xx 000 0 und d | ||
| 020 | _a0-7494-0517-1 | ||
| 040 | _cPK-LaUMT | ||
| 082 |
_a 658.409 _bBOW-G |
||
| 100 | _aCatherine Brady | ||
| 245 |
_aGetting to the top _cCatherine Brady<>Geraldine Bown |
||
| 260 |
_aLondon,UK: _bKogan Page, _c1993 |
||
| 300 | _a157 p. | ||
| 546 | _aEN | ||
| 700 | _aGeraldine Bown | ||
| 942 | _cBK | ||
| 999 |
_c23983 _d23983 |
||